| 000 | 01029nmc a2200373 a 4500 | ||
|---|---|---|---|
| 003 | AR-BaBNM | ||
| 005 | 20251128211249.0 | ||
| 008 | 053020s1998 ||||||||||||||000 | spa|| | ||
| 020 | _a84-344-2832-6 | ||
| 040 | _cAR-BaBNM | ||
| 100 | 1 | _aSan Román, Sonsoles | |
| 245 | 1 | 0 |
_aLas primeras maestras _blos orígenes del proceso de feminización docente en España |
| 260 |
_aBarcelona _bEditorial Ariel _c1998 |
||
| 300 | _a254 p. | ||
| 490 | 0 | _aPracticum | |
| 504 | _aBibliografía p. 235-251 | ||
| 650 | 4 | _aEDUCACION | |
| 650 | 4 | _aENSEÑANZA | |
| 650 | 4 | _aFEMINISMO | |
| 650 | 4 | _aSOCIOLOGIA DE LA EDUCACION | |
| 650 | 4 | _aFAMILIA | |
| 650 | 4 | _aDISCRIMINACION | |
| 650 | 4 | _aEDUCACION DE LA MUJER | |
| 650 | 4 | _aCIENCIAS DE LA EDUCACION | |
| 650 | 4 | _aMAESTROS DE ESCUELA | |
| 650 | 4 | _aHISTORIA DE LA EDUCACION | |
| 650 | 4 | _aDESIGUALDAD SOCIAL | |
| 650 | 4 | _aMUJERES | |
| 651 | 4 | _aEspaña | |
| 653 | _aGENERO | ||
| 700 | 1 |
_aFernández Enguita, Mariano _eprologuista |
|
| 942 | _cBK | ||
| 998 | _cMariana | ||
| 999 |
_c18909 _d18909 |
||